Human resource management : Management in Australia / (Record no. 3620)

000 -LEADER
fixed length control field 02840cam a2200349 a 4500
001 - CONTROL NUMBER
control field 14493368
003 - CONTROL NUMBER IDENTIFIER
control field OSt
005 - DATE AND TIME OF LATEST TRANSACTION
control field 20161017162406.0
008 - FIXED-LENGTH DATA ELEMENTS--GENERAL INFORMATION
fixed length control field 060811s2007 ncua b 000 0 eng
010 ## - LIBRARY OF CONGRESS CONTROL NUMBER
LC control number 2006026590
020 ## - INTERNATIONAL STANDARD BOOK NUMBER
International Standard Book Number 9780074714928
035 ## - SYSTEM CONTROL NUMBER
System control number (OCoLC)ocm70885021
035 ## - SYSTEM CONTROL NUMBER
System control number (OCoLC)70885021
040 ## - CATALOGING SOURCE
Original cataloging agency DLC
Transcribing agency DLC
Modifying agency BAKER
-- C#P
-- DLC
043 ## - GEOGRAPHIC AREA CODE
Geographic area code n-us---
050 00 - LIBRARY OF CONGRESS CALL NUMBER
Classification number HF5549.2.c54 2005
082 00 - DEWEY DECIMAL CLASSIFICATION NUMBER
Classification number 658.3
Edition number 22
245 00 - TITLE STATEMENT
Title Human resource management : Management in Australia /
Remainder of title Strategy people perfomance
Statement of responsibility, etc Hellen De Cieri
250 ## - EDITION STATEMENT
Edition statement 2 ed
260 ## - PUBLICATION, DISTRIBUTION, ETC. (IMPRINT)
Place of publication, distribution, etc Boston
Name of publisher, distributor, etc McGraw-Hill
Date of publication, distribution, etc c2005.
300 ## - PHYSICAL DESCRIPTION
Extent xxxi, 701 p. :
Other physical details ill. ;
Dimensions 24 cm.
504 ## - BIBLIOGRAPHY, ETC. NOTE
Bibliography, etc Includes bibliographical references.
505 0# - FORMATTED CONTENTS NOTE
Formatted contents note Effective human resources management / Ronald R. Sims -- Public sector HRM / Ronald R. Sims and James D. Slack -- The legal status of affirmative action in employment / Norma M. Riccucci -- Toward successful international human resources management / Ronald R. Sims -- Recruiting strong applicants / James D. Lawrence, Lane D. Sauser, and William I. Sauser, Jr. -- A new look at old tools / Christopher S. Winkelspecht, Katherine A. Jackson, and John G. Veres, III -- Strategic staffing / Kenneth Yusko and Harold Goldstein -- Organizational realities and the role of HRM in maximizing performance / Cary Lichtman -- Fostering an ethical culture for business / William I. Sauser, Jr. and Ronald R. Sims -- Socializing employees / Traci L. Nyberg ... [et al.] -- Retaining intellectual capital / David A. Buczek -- Human resource development / Ronald R. Sims and Serbrenia J. Sims -- Leadership development and strategic HR at a crossroads / Scott A. Quatro, David A. Waldman, and Benjamin M. Galvin -- Human resource management and career management and development / Serbrenia J. Sims and Ronald R. Sims -- Compensation / Stephen E. Condrey, Carl L. McCoy, and Jason M. Fleury -- Traditional pay in public organizations / James A. Buford, Jr. and Suzette M. Jelinek -- Employee benefits / Ronald R. Sims -- Organizational development and change / Ann Gilley and Jerry W. Gilley -- Rationale for an HRM-ethic and its inclusion as a theoretical foundation / Tim Hatcher -- A look at contemporary human resource management information systems / Roger McCullough and Ronald R. Sims -- Chronic health issues / James D. Slack -- The changing mission of HRM in health care organizations / Robert J. Solomon.
650 #0 - SUBJECT ADDED ENTRY--TOPICAL TERM
Topical term or geographic name as entry element Personnel management
Geographic subdivision United States.
700 1# - ADDED ENTRY--PERSONAL NAME
Personal name Cieri De Helen
710 ## - ADDED ENTRY--CORPORATE NAME
Relator code Kramar, Robin
711 ## - ADDED ENTRY--MEETING NAME
Relator code Noe, A Raymond
856 41 - ELECTRONIC LOCATION AND ACCESS
Materials specified Table of contents only
Uniform Resource Identifier <a href="http://www.loc.gov/catdir/toc/ecip0619/2006026590.html">http://www.loc.gov/catdir/toc/ecip0619/2006026590.html</a>
906 ## - LOCAL DATA ELEMENT F, LDF (RLIN)
a 7
b cbc
c orignew
d 1
e ecip
f 20
g y-gencatlg
942 ## - ADDED ENTRY ELEMENTS (KOHA)
Source of classification or shelving scheme
Koha item type Book
Holdings
Withdrawn status Lost status Source of classification or shelving scheme Damaged status Not for loan Home library Current library Shelving location Date acquired Total Checkouts Full call number Barcode Date last seen Copy number Price effective from Koha item type
          Riara University Library Riara University Library General stack 17/10/2016   HF5549.2.C54 2005 8494/16 17/10/2016 C.1 17/10/2016 Book

Riara University Library,
P.O. Box 49940-00100,
Nairobi, Kenya.